| 000 | 005500000a22001810004500 | ||
|---|---|---|---|
| 003 | MACL | ||
| 005 | 20160212124004.0 | ||
| 008 | 160212b xxu||||| |||| 00| 0 eng d | ||
| 040 |
_aMACL _cMACL |
||
| 041 | _aHindi | ||
| 082 | _a301 | ||
| 100 |
_aभटनागर डा. राजेन्द्र मोहन _937963 |
||
| 245 | _aअब बहुएॅ नहीं जलेंगी | ||
| 260 |
_bतारा प्रकाशन _c1997 _aजयपुर |
||
| 350 | _a125 | ||
| 650 |
_aSociology _937965 |
||
| 942 |
_cHIN _k301 _2ddc |
||
| 999 |
_c29602 _d29602 |
||